000 00442cam a2200181 4500
001 D1174
008 090401t1968 xxu||||| |||| 00| 0 eng d
035 _a(Sirsi) u62840
041 _aeng
050 _a333.3320973
100 _aBabcock, Henry A
245 _aAppraisal principles and procedures
260 _aHonewood, Illinois
_bRichard P.Irwin Inc
_c1968
300 _axxvi. 289p
350 _a0
942 _n0
948 _c04/03/1997
999 _c94487
_d94487